| 000 | 00727nam a2200205 4500 | ||
|---|---|---|---|
| 008 | b xx# ara u | ||
| 010 | _a40090 | ||
| 040 | _aLB-BrCRDP | ||
| 082 | _a956.92/M235h | ||
| 100 | 1 | _a. مكاريوس، شاهين | |
| 130 | 1 | _lAR | |
| 245 | 1 | 0 |
_a. حسر اللثام عن نكبات الشام _b...وفيه مجمل اخبار الحرب الاهلية المعروفة بحوادث سنة 1860 _cشاهين مكاريوس |
| 250 | _aط.2 | ||
| 260 |
_aبيروت _c1983 |
||
| 300 |
_a308 ص. ؛ _c24 سم. |
||
| 500 | _aفهرست في آخر الكتاب | ||
| 650 |
_aلبنان _xتاريخ-الحرب الاهلية 1860 |
||
| 942 | _cBK | ||
| 999 |
_c15519 _d15519 |
||